<?xml version="1.0" encoding="UTF-8"?>
<record
    xmlns:xsi="http://www.w3.org/2001/XMLSchema-instance"
    xsi:schemaLocation="http://www.loc.gov/MARC21/slim http://www.loc.gov/standards/marcxml/schema/MARC21slim.xsd"
    xmlns="http://www.loc.gov/MARC21/slim">

  <leader>00516nam a22001337a 4500</leader>
  <controlfield tag="008">190529b        xxu||||| |||| 00| 0 eng d</controlfield>
  <datafield tag="020" ind1=" " ind2=" ">
    <subfield code="a">9788480265843</subfield>
  </datafield>
  <datafield tag="082" ind1=" " ind2=" ">
    <subfield code="a">709.040.71</subfield>
    <subfield code="b">D559p</subfield>
  </datafield>
  <datafield tag="100" ind1=" " ind2=" ">
    <subfield code="a"> Diederichsen, Diedrich y Maneros Zabala, Erlea</subfield>
    <subfield code="9">7054</subfield>
  </datafield>
  <datafield tag="245" ind1=" " ind2=" ">
    <subfield code="a">El pop vs. lo popular</subfield>
  </datafield>
  <datafield tag="260" ind1=" " ind2=" ">
    <subfield code="a">Madrid, Espa&#xF1;a</subfield>
    <subfield code="b">Museo Nacional Centro de Arte Reina Sof&#xED;a</subfield>
    <subfield code="c">2018</subfield>
  </datafield>
  <datafield tag="300" ind1=" " ind2=" ">
    <subfield code="a">43 p</subfield>
    <subfield code="b">ill.</subfield>
    <subfield code="c">21x15 cm</subfield>
  </datafield>
  <datafield tag="650" ind1=" " ind2=" ">
    <subfield code="2">Arte contempor&#xE1;neo</subfield>
    <subfield code="v">Arte pop</subfield>
    <subfield code="x">Arte - conferencia</subfield>
    <subfield code="x">Diederichsen, Diedrich</subfield>
    <subfield code="x">Maneros Zabala, Erlea</subfield>
    <subfield code="9">7055</subfield>
  </datafield>
  <datafield tag="999" ind1=" " ind2=" ">
    <subfield code="c">1793</subfield>
    <subfield code="d">1793</subfield>
  </datafield>
  <datafield tag="952" ind1=" " ind2=" ">
    <subfield code="0">0</subfield>
    <subfield code="1">0</subfield>
    <subfield code="2">ddc</subfield>
    <subfield code="4">0</subfield>
    <subfield code="7">0</subfield>
    <subfield code="a">LV</subfield>
    <subfield code="b">LV</subfield>
    <subfield code="c">Pensamiento</subfield>
    <subfield code="d">2019-05-29</subfield>
    <subfield code="l">0</subfield>
    <subfield code="o">709.040.71 D559p</subfield>
    <subfield code="p">004776</subfield>
    <subfield code="r">2019-05-29 00:00:00</subfield>
    <subfield code="w">2019-05-29</subfield>
    <subfield code="y">01</subfield>
  </datafield>
</record>
